Guess the Country based off the bordering countries - Statistics

General Stats
  • This quiz has been taken 88 times
  • The average score is 9 of 10
Answer Stats
Bordering Countries Answer % Correct
Canada|Mexico USA
99%
Brazil | Bolivia | Argentina Paraguay
95%
Russia | China Mongolia
94%
Slovakia | Poland | Germany | Austria Czechia
91%
India | China Nepal
91%
Hungary | North Macedonia | Romania | Bulgaria | Montenegro | Kosovo | Croatia | Bosnia & Herzegovina Serbia
91%
India | China Bhutan
89%
Italy Vatican
87%
Italy San Marino
86%
Germany Denmark
82%
No matching quizzes found
Score Distribution
Percent of People with Each Score
Percentile by Number Answered
Your Score History
You have not taken this quiz